[Event "Mechanics' Summer TNM; G/2 d/5"]
[Site "San Francisco"]
[Date "2018.05.29"]
[Round "1.12"]
[White "Francis, Daniel"]
[Black "Boldi, Ethan"]
[Result "0-1"]
[WhiteElo "1558"]
[BlackElo "1973"]
[PlyCount "66"]
[EventDate "2018.??.??"]
[Source "ChessBase"]
[SourceDate "2007.09.04"]

1. e4 e6 2. Nc3 d5 3. exd5 exd5 4. d4 Nf6 5. Bg5 Bb4 6. Nf3 O-O 7. Be2 Re8 8.
O-O Bxc3 9. bxc3 Bg4 10. Rb1 b6 11. Ne5 Bxe2 12. Qxe2 Qd6 13. f4 Ne4 14. Qh5 g6
15. Qh6 Qf8 16. Qxf8+ Rxf8 17. Bh6 Rd8 18. f5 f6 19. Ng4 g5 20. Rbe1 Nd7 21.
Rf3 Re8 22. Rfe3 Kf7 23. c4 Nd6 24. c5 bxc5 25. dxc5 Nxc5 26. Bxg5 fxg5 27.
Ne5+ Kg8 28. f6 Nf7 29. Nc6 Rxe3 30. Rxe3 Kf8 31. Ne7 d4 32. Rh3 h6 33. Nf5 Nd6
0-1

[Event "Mechanics' Bedjanian TNM; G/2 d/5"]
[Site "San Francisco"]
[Date "2018.11.20"]
[Round "5.31"]
[White "Francis, Daniel"]
[Black "Olson, David R"]
[Result "1-0"]
[WhiteElo "1594"]
[BlackElo "1400"]
[PlyCount "63"]
[EventDate "2018.??.??"]
[Source "ChessBase"]
[SourceDate "2007.09.04"]

1. d4 Nf6 2. Bf4 g6 3. Nc3 c6 4. e4 Nh5 5. Be5 f6 6. g4 Ng7 7. Bg3 Na6 8. h4 b5
9. a3 Bb7 10. g5 f5 11. Bh3 e6 12. Be5 d6 13. Bf6 Qc7 14. e5 c5 15. f3 Rg8 16.
Nxb5 Qc6 17. c4 d5 18. Bf1 Nh5 19. cxd5 Qxd5 20. Qa4 Qc6 {[#]} 21. Nd6+ Bxd6
22. Bb5 Nb8 23. exd6 Nf4 24. Bxc6+ Bxc6 25. Qd1 Ng2+ 26. Kf2 Nf4 27. Ne2 Nd5
28. dxc5 Nd7 29. Nd4 Nb8 30. Re1 Bd7 31. Nxe6 Kf7 32. Qxd5 1-0

[Event "Mechanics' Summer TNM; G/2 d/5"]
[Site "San Francisco"]
[Date "2018.06.26"]
[Round "5.36"]
[White "Francis, Daniel"]
[Black "Rushton, Peter"]
[Result "1-0"]
[WhiteElo "1558"]
[BlackElo "1130"]
[PlyCount "52"]
[EventDate "2018.??.??"]
[Source "ChessBase"]
[SourceDate "2007.09.04"]

1. e4 e5 2. Nf3 Nc6 3. Bc4 h6 4. c3 Nf6 5. d4 d5 6. exd5 e4 7. dxc6 exf3 8.
Qxf3 Bg4 9. Qe3+ Be7 10. cxb7 Rb8 11. Bb5+ Bd7 12. Bxd7+ Qxd7 13. O-O O-O 14.
Re1 Nd5 15. Qf3 c6 16. Nd2 Qxb7 17. Nc4 Rbe8 18. Ne5 Bd6 19. c4 Nc7 20. Bf4 Re6
21. Nxc6 Bb4 22. Ne7+ Rxe7 23. Qxb7 Bxe1 24. Bd6 Rfe8 25. Bxe7 Rxe7 26. Kf1 Bb4
1-0

[Event "Mechanics' Summer TNM; G/2 d/5"]
[Site "San Francisco"]
[Date "2018.06.05"]
[Round "2.39"]
[White "Francis, Daniel"]
[Black "Simpkins, Jerry"]
[Result "1-0"]
[WhiteElo "1558"]
[BlackElo "1588"]
[PlyCount "69"]
[EventDate "2018.??.??"]
[Source "ChessBase"]
[SourceDate "2007.09.04"]

1. e4 e5 2. Nf3 f5 3. Nc3 fxe4 4. Nxe4 d5 5. Ng3 e4 6. Nd4 Nf6 7. d3 Nc6 8.
dxe4 dxe4 9. Nxc6 Qxd1+ 10. Kxd1 bxc6 11. Bg5 Bg4+ 12. Be2 Bd6 13. Bxf6 Bxe2+
14. Kxe2 Bxg3 15. Bxg7 Rg8 16. hxg3 Rxg7 17. Rh4 Re7 18. Rd1 c5 19. Ke3 Rb8 20.
b3 Rb4 21. c3 Rb6 22. Rxe4 Rxe4+ 23. Kxe4 Re6+ 24. Kd3 Rd6+ 25. Ke2 Ra6 26. Rd2
Kf7 27. f4 Rg6 28. Kf3 h5 29. Rd7+ Ke8 30. Rxc7 Ra6 31. Rxc5 Rxa2 32. Rxh5 Rb2
33. b4 Rb3 34. Rc5 Rb2 35. g4 1-0

[Event "Mechanics' Bedjanian TNM; G/2 d/5"]
[Site "San Francisco"]
[Date "2018.11.27"]
[Round "6.20"]
[White "Francis, Daniel"]
[Black "Yanofsky, Kevin"]
[Result "1/2-1/2"]
[WhiteElo "1594"]
[BlackElo "1906"]
[PlyCount "81"]
[EventDate "2018.??.??"]
[Source "ChessBase"]
[SourceDate "2007.09.04"]

1. d4 Nf6 2. Bf4 d5 3. e3 c5 4. c3 Nc6 5. Nd2 e6 6. Ngf3 cxd4 7. exd4 Nh5 8.
Bg3 g6 9. Ne5 Bg7 10. Ndf3 O-O 11. Be2 Nxg3 12. hxg3 Qc7 13. Qd2 Nxe5 14. Nxe5
Bxe5 15. Qh6 f6 16. dxe5 fxe5 17. O-O Bd7 18. Rad1 Rf6 19. g4 Raf8 20. Qh2 Qb6
21. Qxe5 Rxf2 22. Kh1 Rxf1+ 23. Rxf1 Rxf1+ 24. Bxf1 Qf2 25. Bd3 Qh4+ 26. Kg1
Qxg4 27. Qb8+ Kf7 28. Qxb7 Qd1+ 29. Bf1 Qa4 30. b3 Qc6 31. Qxa7 Ke7 32. Qd4 Qd6
33. Qg7+ Kd8 34. Qxh7 Qc5+ 35. Kh1 Qxc3 36. Qg8+ Kc7 37. Qxg6 Qa1 38. Qg3+ Kb7
39. Qf2 Bb5 40. Kg1 Bxf1 41. Qxf1 1/2-1/2

[Event "Mechanics' Shipman TNM; G/2 d/5"]
[Site "San Francisco"]
[Date "2018.09.11"]
[Round "6.29"]
[White "Francis, Daniel E"]
[Black "Campers Jr, Willie"]
[Result "1-0"]
[WhiteElo "1566"]
[BlackElo "1729"]
[PlyCount "77"]
[EventDate "2018.??.??"]
[Source "ChessBase"]
[SourceDate "2007.09.04"]

1. d4 d5 2. Bf4 Nf6 3. e3 g6 4. Nd2 Bg7 5. c3 O-O 6. Ngf3 Bf5 7. Qb3 Bc8 8. Be2
Nbd7 9. Ne5 e6 10. h4 c5 11. h5 c4 12. Qc2 Nxe5 13. dxe5 Nd7 14. hxg6 fxg6 15.
Nf3 Re8 16. O-O-O Qa5 17. Kb1 b5 18. Ng5 Nf8 19. Nxh7 Nxh7 20. Qxg6 Nf8 21.
Qxe8 b4 22. Rc1 bxc3 23. Rxc3 Rb8 24. Bh5 Qc7 25. Bg6 Ba6 26. Bh7+ Kh8 27. Qh5
Qb7 28. Bc2+ Kg8 29. b3 Qb4 30. Kb2 Qc5 31. Bh6 d4 32. exd4 Qxd4 33. Bxg7 Kxg7
34. Qg5+ Kf7 35. Qf6+ Ke8 36. Rh8 Qc5 37. Qxe6+ Kd8 38. Qxa6 Qxf2 39. Qd6+ 1-0

[Event "Mechanics' Walter Shipman TNM G/2 d/5"]
[Site "San Francisco"]
[Date "2018.10.02"]
[Round "9.16"]
[White "Francis, Daniel E"]
[Black "Huberts, Alexander"]
[Result "1/2-1/2"]
[WhiteElo "1566"]
[BlackElo "1705"]
[Annotator "Winslow,Elliott"]
[PlyCount "80"]
[EventDate "2018.??.??"]
[Source "ChessBase"]
[SourceDate "2007.09.04"]

1. d4 Nf6 2. Bf4 c5 3. e3 (3. Nf3 $2 cxd4 4. Nxd4 $4 (4. Qxd4 Nc6) (4. Bxb8
Rxb8 5. Qxd4 Qa5+ (5... b6)) (4. c3 $5 {Gambito!}) 4... e5 {0-1! I thought
this was the shortest loss by a titled player, but I don't seem to be able to
find that identity.}) 3... cxd4 4. exd4 Qb6 5. Na3 (5. Nc3) 5... d6 6. Nc4 Qc7
7. c3 Be6 8. Ne3 g6 9. Nf3 Nh5 10. Bg5 h6 11. Bh4 g5 12. Bb5+ Bd7 13. Bxd7+
Nxd7 14. g4 Nhf6 15. Bg3 Ne4 16. h4 Nxg3 17. fxg3 gxh4 18. gxh4 e6 19. Qd3 d5
20. O-O-O Bd6 21. g5 O-O-O 22. Kb1 Rdg8 23. Rdf1 Bf4 24. Rhg1 h5 25. Nd2 f5 26.
Nf3 Nf8 27. Ng2 Bd6 28. Qe2 Qb6 29. Nge1 Kb8 30. Nd3 Bc7 31. Nfe5 Rg7 32. Nf4
Nd7 33. Nxd7+ Rxd7 34. Qxe6 Rd6 35. Qxf5 Rc8 36. Nxd5 Qa6 37. Nb4 Qe2 38. Re1
Qc4 39. Qc5 Qg8 40. Re7 Qg6+ {Draw???} (40... Qg6+ $18 41. Ka1 Bd8 42. Rg7 $1
Rxc5 43. Rxg6 Rxg6 44. dxc5 {three pawns up.}) 1/2-1/2

[Event "Mechanics' Shipman TNM; G/2 d/5"]
[Site "San Francisco"]
[Date "2018.08.28"]
[Round "4.33"]
[White "Francis, Daniel E"]
[Black "Olson, David R"]
[Result "1-0"]
[WhiteElo "1566"]
[BlackElo "1416"]
[PlyCount "49"]
[EventDate "2018.??.??"]
[Source "ChessBase"]
[SourceDate "2007.09.04"]

1. d4 Nf6 2. Bf4 d5 3. e3 e6 4. Nf3 Bb4+ 5. c3 Bd6 6. Bg3 Ne4 7. Bd3 f5 8. Nbd2
O-O 9. Ne5 Nd7 10. Ndf3 Ndf6 11. Bh4 Qe8 12. Qe2 c5 13. Bb5 Bd7 14. Nxd7 Nxd7
15. Ne5 Bxe5 16. dxe5 a6 17. Bxd7 Qxd7 18. f3 g5 19. Bg3 Nxg3 20. hxg3 Qb5 21.
Qc2 c4 22. Rh6 Qc6 23. Ke2 Qd7 24. Rah1 Rf7 25. g4 {
White went on to win. Remaining moves unavailable.} 1-0

[Event "Mechanics' Shipman TNM; G/2 d/5"]
[Site "San Francisco"]
[Date "2018.08.07"]
[Round "1.8"]
[White "Francis, Daniel E"]
[Black "Shipman, Joseph L"]
[Result "0-1"]
[WhiteElo "1566"]
[BlackElo "2089"]
[PlyCount "76"]
[EventDate "2018.??.??"]
[Source "ChessBase"]
[SourceDate "2007.09.04"]

1. d4 d5 2. Bf4 c5 3. e3 Nc6 4. c3 Qb6 5. Qb3 c4 6. Qc2 Bf5 7. Qd2 Nf6 8. Nf3
Ne4 9. Qc1 e6 10. Nbd2 Be7 11. Be2 Qd8 12. Ne5 Nxe5 13. dxe5 Nc5 14. O-O h5 15.
h3 g5 16. Bh2 g4 17. e4 Bxe4 18. hxg4 Nd3 19. Qd1 Nxb2 20. Qc1 Nd3 21. Qd1 hxg4
22. Bxg4 Bg5 23. Nxe4 dxe4 24. Qe2 Bf4 25. Bh3 Qg5 26. Qxe4 Rxh3 27. g3 Bxe5
28. Qxb7 Rb8 29. Qc6+ Kf8 30. Qxc4 Qh5 31. Qxd3 Rxh2 32. Qe4 Rb2 33. Rae1 Qh3
34. Qf3 Bxg3 35. Re3 Bxf2+ 36. Rxf2 Rh1+ 37. Qxh1 Rb1+ 38. Rf1 Rxf1# 0-1

[Event "Mechanics' Summer TNM; G/2 d/5"]
[Site "San Francisco"]
[Date "2018.07.17"]
[Round "8.31"]
[White "Frank, Robert H"]
[Black "Agdamag, Samuel"]
[Result "0-1"]
[WhiteElo "1278"]
[BlackElo "1392"]
[PlyCount "66"]
[EventDate "2018.??.??"]
[Source "ChessBase"]
[SourceDate "2007.09.04"]

1. d4 d5 2. Nf3 Bg4 3. e3 Nf6 4. c4 c6 5. h3 Bf5 6. Nc3 e6 7. Nh4 Bg6 8. Nxg6
hxg6 9. a4 Bb4 10. Bd2 Qa5 11. cxd5 exd5 12. Bd3 Nbd7 13. f3 Qc7 14. Ne2 Bd6
15. f4 Qd8 16. Kf2 Qe7 17. Ng3 Nh5 18. Nxh5 Rxh5 19. Qf3 Nf6 20. Rae1 Ne4+ 21.
Ke2 Nxd2 22. Kxd2 Bb4+ 23. Kc2 Bxe1 24. Rxe1 Qb4 25. Ra1 Kf8 26. g4 Rh6 27. g5
Rh8 28. b3 Re8 29. Qg3 Qe7 30. Re1 Qa3 31. Kc3 a5 32. h4 Qb4+ 33. Kb2 Qd2+ 0-1

[Event "Mechanics' Summer TNM; G/2 d/5"]
[Site "San Francisco"]
[Date "2018.06.19"]
[Round "4.33"]
[White "Frank, Robert H"]
[Black "Cohee, James"]
[Result "1/2-1/2"]
[WhiteElo "1278"]
[BlackElo "1613"]
[PlyCount "51"]
[EventDate "2018.??.??"]
[Source "ChessBase"]
[SourceDate "2007.09.04"]

1. d4 d5 2. Nf3 Nf6 3. e3 e6 4. Bd3 c5 5. c3 Nc6 6. Nbd2 Bd6 7. O-O O-O 8. Re1
Qc7 9. h3 e5 10. dxe5 Nxe5 11. Nxe5 Bxe5 12. Nf3 Bd6 13. c4 dxc4 14. Bxc4 Bf5
15. Bd3 Bxd3 16. Qxd3 Rad8 17. Qc2 Rfe8 18. b3 Ne4 19. Bb2 h6 20. Rad1 b6 21.
Re2 Qe7 22. Nd2 Nxd2 23. Rdxd2 Be5 24. a4 Rxd2 25. Rxd2 Bxb2 26. Qxb2 1/2-1/2

[Event "Mechanics' Spring TNM; G/2 d5"]
[Site "San Francisco"]
[Date "2018.04.24"]
[Round "6.36"]
[White "Frank, Robert H"]
[Black "Lucas, Jermorio"]
[Result "1-0"]
[WhiteElo "1261"]
[BlackElo "1123"]
[PlyCount "81"]
[EventDate "2018.??.??"]
[Source "ChessBase"]
[SourceDate "2007.09.04"]

1. d4 d6 2. c4 Bf5 3. Nc3 e6 4. e4 Bg6 5. Nf3 Be7 6. Bd3 Nf6 7. O-O Nfd7 8. Bf4
O-O 9. Re1 e5 10. dxe5 dxe5 11. Nxe5 Nxe5 12. Bxe5 f6 13. Bg3 Nc6 14. Nd5 Bd6
15. Bxd6 Qxd6 16. b4 Nxb4 17. Nxb4 Qxb4 18. Rb1 Qc3 19. Rxb7 Rad8 20. Rb3 Qe5
21. Qf3 f5 22. Qe3 Qa5 23. Qe2 fxe4 24. Bxe4 Bxe4 25. Qxe4 Rfe8 26. Qxe8+ Rxe8
27. Rxe8+ Kf7 28. Rbe3 Qxa2 29. R8e4 g6 30. g3 a5 31. Rf3+ Kg7 32. Re7+ Kh6 33.
Rxc7 a4 34. c5 a3 35. Ra7 Qb1+ 36. Kg2 Qc1 37. Ra5 Qd2 38. Rfxa3 Qd8 39. c6 Qc7
40. Rc5 g5 41. Rb3 1-0

[Event "Mechanics' Shipman TNM; G/2 d/5"]
[Site "San Francisco"]
[Date "2018.09.04"]
[Round "5.15"]
[White "Frank, Robert H"]
[Black "Mays, Jerry L"]
[Result "1-0"]
[WhiteElo "1295"]
[BlackElo "1725"]
[Annotator "Winslow,Elliott"]
[PlyCount "77"]
[EventDate "2018.??.??"]
[Source "ChessBase"]
[SourceDate "2007.09.04"]

1. d4 Nf6 2. Nf3 g6 3. g3 Bg7 4. Bg2 O-O 5. O-O d6 6. c4 Nbd7 7. Nc3 c5 8. d5
Rb8 9. e4 Ng4 10. h3 Nge5 11. Qe2 Nxf3+ 12. Bxf3 a6 13. Bg5 h6 14. Bd2 Ne5 15.
Bg2 {[#]} Bd7 $4 (15... b5 $1 16. b3 Bd7 17. f4 Nxc4 18. bxc4 Bd4+ 19. Kh2 b4
$14) 16. f4 Nxc4 17. Qxc4 b5 18. Qb3 b4 19. Nd1 c4 20. Qe3 Bxb2 21. Nxb2 c3 22.
Bxc3 bxc3 23. Qxc3 Qb6+ 24. Rf2 Rfc8 25. Qd2 Rc7 26. Rc1 Rxc1+ 27. Qxc1 Rc8 28.
Qd2 a5 29. Bf1 a4 30. Kg2 Qb7 31. Qd4 e5 32. fxe5 dxe5 33. Qxe5 Re8 34. Qd4 Qc8
35. Kh2 Re7 36. Nxa4 Qe8 37. Nc5 Bb5 38. Bxb5 Qxb5 39. d6 1-0

[Event "Mechanics' Vartan Bedjanian TNM; G/2 d/"]
[Site "San Francisco"]
[Date "2018.11.07"]
[Round "3.40"]
[White "Frank, Robert H"]
[Black "Otterbach, Renate"]
[Result "1-0"]
[WhiteElo "1428"]
[BlackElo "1287"]
[PlyCount "59"]
[EventDate "2018.??.??"]
[Source "ChessBase"]
[SourceDate "2007.09.04"]

1. d4 Nf6 2. Nf3 e6 3. e3 b6 4. c4 c5 5. Nc3 Bb7 6. a3 d6 7. d5 exd5 8. cxd5
Ba6 $4 9. Bxa6 Nxa6 10. Qa4+ Nd7 11. Qxa6 Be7 12. O-O O-O 13. e4 Ne5 14. Nxe5
dxe5 15. Qd3 a6 16. Qg3 Qd6 17. f4 exf4 18. Bxf4 Qg6 19. d6 Qxg3 20. Bxg3 Bg5
21. Rad1 c4 22. h4 Bd8 23. e5 Re8 24. Rd4 Re6 25. Rxc4 b5 26. Re4 Bb6+ 27. Kh2
Rd8 28. Bf2 Bxf2 29. Rxf2 f6 30. exf6 1-0

[Event "Mechanics' Spring TNM; G/2 d5"]
[Site "San Francisco"]
[Date "2018.05.08"]
[Round "8.33"]
[White "Frank, Robert H"]
[Black "Robertson, Terrance"]
[Result "0-1"]
[WhiteElo "1261"]
[BlackElo "1483"]
[PlyCount "64"]
[EventDate "2018.??.??"]
[Source "ChessBase"]
[SourceDate "2007.09.04"]

1. d4 d5 2. Nf3 Nf6 3. e3 c5 4. c3 Nbd7 5. Bd3 g6 6. Nbd2 Bg7 7. O-O O-O 8. e4
dxe4 9. Nxe4 Nxe4 10. Bxe4 Qc7 11. Be3 cxd4 12. Nxd4 a6 13. a4 Nb6 14. Qc2 e6
15. Rad1 Nc4 16. Bc1 Nb6 17. f4 Nd7 18. Be3 Nf6 19. Bf3 Rb8 20. g4 e5 21. Ne2
Nxg4 22. Bxg4 Bxg4 23. fxe5 Bxe5 24. Rf2 Rbd8 25. Bd4 Bxd4 26. Rxd4 Bxe2 27.
Rxd8 Rxd8 28. Rxe2 Qc5+ 29. Kf1 Qd5 30. Ke1 Qh1+ 31. Kf2 Qxh2+ 32. Ke1 Qg1# 0-1

[Event "Mechanics' Shipman TNM; G/2 d/5"]
[Site "San Francisco"]
[Date "2018.08.21"]
[Round "3.13"]
[White "Frank, Robert H"]
[Black "Tsodikova, Natalya"]
[Result "0-1"]
[WhiteElo "1295"]
[BlackElo "2199"]
[PlyCount "100"]
[EventDate "2018.??.??"]
[Source "ChessBase"]
[SourceDate "2007.09.04"]

1. d4 Nf6 2. Nf3 g6 3. g3 Bg7 4. Bg2 O-O 5. O-O d5 6. c3 b6 7. Re1 Bb7 8. b4
Nbd7 9. Nbd2 c5 10. b5 a6 11. Qb3 Ne4 12. c4 cxd4 13. cxd5 Ndc5 14. Qc2 d3 15.
exd3 Nxd2 16. Bxd2 Bxa1 17. Rxa1 Qxd5 18. d4 Ne6 19. Be3 Rac8 20. Qd3 Qxb5 21.
Qxb5 axb5 22. Rb1 Ra8 23. Ra1 Rfd8 24. Kf1 Ra3 25. Ne1 Bxg2+ 26. Kxg2 Nxd4 27.
Bxd4 Rxd4 28. Nc2 Rda4 29. Nxa3 Rxa3 30. Kf1 Kg7 31. Re1 Kf6 32. Re2 e5 33. Ke1
g5 34. Kd1 Rd3+ 35. Kc1 Kf5 36. Kc2 e4 37. Kb1 b4 38. Rc2 b3 39. axb3 Rxb3+ 40.
Ka2 Rf3 41. Re2 b5 42. Kb1 b4 43. Kc1 Rd3 44. Kb2 Ke5 45. Kc2 b3+ 46. Kb2 Kd4
47. Re3 Rxe3 48. fxe3+ Kxe3 49. Kxb3 Kf2 50. Kc3 e3 0-1

[Event "Mechanics' Shipman TNM; G/2 d/5"]
[Site "San Francisco"]
[Date "2018.09.18"]
[Round "7.11"]
[White "Frank, Robert H"]
[Black "Yanofsky, Kevin"]
[Result "0-1"]
[WhiteElo "1295"]
[BlackElo "1862"]
[PlyCount "62"]
[EventDate "2018.??.??"]
[Source "ChessBase"]
[SourceDate "2007.09.04"]

1. d4 Nf6 2. Nf3 d5 3. e3 c5 4. c3 Nc6 5. Bd3 Bg4 6. Nbd2 e6 7. O-O Qc7 8. h3
Bh5 9. Re1 Be7 10. b3 O-O 11. Bb2 e5 12. dxe5 Nxe5 13. Be2 Rad8 14. c4 Nxf3+
15. Bxf3 Bxf3 16. Qxf3 Rd7 17. cxd5 Nxd5 18. Nc4 Bf6 19. Rad1 Bxb2 20. Nxb2 Nc3
21. Rxd7 Qxd7 22. Nc4 b5 23. Ne5 Qc7 24. Nd3 Rd8 25. e4 Nxa2 26. Qe2 c4 27.
Qxa2 cxd3 28. Rd1 Qc3 29. Kf1 a5 30. Qd2 Qxb3 31. Qxa5 Qxd1+ 0-1

[Event "Mechanics' Summer TNM; G/2 d/5"]
[Site "San Francisco"]
[Date "2018.07.03"]
[Round "6.35"]
[White "Frank, Robert H"]
[Black "Zaman, Ahyan"]
[Result "0-1"]
[WhiteElo "1278"]
[BlackElo "1650"]
[PlyCount "100"]
[EventDate "2018.??.??"]
[Source "ChessBase"]
[SourceDate "2007.09.04"]

1. d4 Nf6 2. Nf3 g6 3. g3 Bg7 4. Bg2 O-O 5. O-O d6 6. Bf4 Bf5 7. Nc3 Nbd7 8.
Re1 c5 9. e4 Bg4 10. h3 Bxf3 11. Bxf3 Rb8 12. Be3 b6 13. Ne2 cxd4 14. Nxd4 Ne5
15. Be2 Qc8 16. Kg2 Nxe4 17. f3 Nf6 18. c3 Nc4 19. Bc1 Nd5 20. Bxc4 Qxc4 21.
Bd2 Bxd4 22. cxd4 Rfc8 23. Bg5 Qc2+ 24. Re2 Qxd1 25. Rxd1 e6 26. Kf2 Rc6 27.
Red2 Rbc8 28. Ke2 Rc2 29. a3 R8c4 30. Rxc2 Rxc2+ 31. Rd2 Rxd2+ 32. Kxd2 f6 33.
Be3 Nxe3 34. Kxe3 Kf7 35. h4 f5 36. g4 fxg4 37. fxg4 Kf6 38. Kf4 e5+ 39. dxe5+
dxe5+ 40. Ke4 Ke6 41. a4 a6 42. b4 a5 43. b5 h5 44. g5 Kd6 45. Kd3 Kd5 46. Ke3
e4 47. Kd2 Kd4 48. Ke2 e3 49. Kd1 Kd3 50. Ke1 e2 0-1

[Event "Mechanics' Winter TNM; G/2 d5"]
[Site "San Francisco"]
[Date "2018.01.16"]
[Round "2.38"]
[White "Frank, Robert H"]
[Black "van der Wall, John"]
[Result "0-1"]
[WhiteElo "1282"]
[BlackElo "1534"]
[Annotator "Donaldson"]
[PlyCount "38"]
[EventDate "2018.??.??"]
[Source "ChessBase"]
[SourceDate "2007.09.04"]

1. d4 d5 2. Nf3 Nf6 3. e3 g6 4. c4 Bg7 5. cxd5 Nxd5 6. Nc3 O-O 7. Bc4 Nb6 8.
Bb3 e6 9. O-O N8d7 10. a4 a5 11. Ne2 c5 12. dxc5 Nxc5 13. Qxd8 Rxd8 14. Bc2 Nd5
15. Rd1 b6 (15... Bd7) 16. e4 Nxe4 $2 (16... Ba6 $1 17. Ng3 Nb4 $19) 17. Bxe4
Bb7 18. Rb1 $2 {Diagram [#]} (18. Bg5 $1 $18) 18... Nb4 $1 19. Bxb7 $4 (19.
Rxd8+ Rxd8 20. Bg5 Bxe4 21. Bxd8 Bxb1 22. Bxb6 Bxb2 23. Bxa5 Nd5 $11) 19...
Rxd1+ 0-1

[Event "Mechanics' Winter TNM; G/2 d5"]
[Site "San Francisco"]
[Date "2018.02.06"]
[Round "5.36"]
[White "Fu, Andrew"]
[Black "Agdamag, Samuel"]
[Result "0-1"]
[WhiteElo "1448"]
[BlackElo "1597"]
[PlyCount "58"]
[EventDate "2018.??.??"]
[Source "ChessBase"]
[SourceDate "2007.09.04"]

1. Nc3 Nf6 2. h3 d5 3. e3 Bf5 4. Nf3 Nbd7 5. d4 e6 6. Nh4 Bg6 7. Qe2 Bb4 8.
Nxg6 hxg6 9. f3 Nh5 10. Qf2 c6 11. Bd2 Qc7 12. Ne2 Bxd2+ 13. Kxd2 Qa5+ 14. c3
Nb6 15. b4 Nc4+ 16. Ke1 Qa3 17. Rc1 Qb2 18. Rd1 Na3 19. Rd2 Qb1+ 20. Rd1 Nc2+
21. Kd2 Qxa2 22. Nc1 Qb2 23. Ke2 Nxb4+ 24. Rd2 Qxc3 25. Kd1 a5 26. Bd3 a4 27.
Rh2 a3 28. Na2 Nxa2 29. Rxa2 Qxd3+ 0-1

[Event "Mechanics' Winter TNM; G/2 d5"]
[Site "San Francisco"]
[Date "2018.02.20"]
[Round "7.47"]
[White "Fu, Eric L"]
[Black "Nasiff, Wassim"]
[Result "1/2-1/2"]
[WhiteElo "1191"]
[BlackElo "1171"]
[Annotator "Donaldson"]
[PlyCount "59"]
[EventDate "2018.??.??"]
[Source "ChessBase"]
[SourceDate "2007.09.04"]

1. d4 d5 2. c4 Nf6 3. Nc3 e6 4. Nf3 Bb4 5. Bd2 Nc6 6. e3 a6 7. Be2 O-O 8. a3
Ba5 (8... Bxc3) (8... Be7) 9. O-O (9. b4 Bb6 10. c5 Ba7 11. O-O) 9... Bd7 10.
Ne5 Nxe5 (10... Bxc3) 11. dxe5 Ne8 $2 (11... Bxc3 12. Bxc3 Ne4 13. cxd5 exd5
14. Qxd5 Nxc3 15. bxc3 Bc6 $16) 12. cxd5 Bxc3 13. Bxc3 exd5 14. Qxd5 $18 c6 15.
Qd3 Nc7 16. Rfd1 Nd5 17. e4 Nf4 18. Qe3 Nxe2+ 19. Qxe2 Qc8 20. Qe3 Be6 21. Bb4
Re8 22. Bc5 Rd8 23. Bb6 Rd7 24. Rd2 Qe8 25. Rad1 Rxd2 26. Qxd2 h6 27. f4 Rc8
28. Qd8 $2 (28. Qd6 c5 $1) (28. Bc5 $18) 28... Rxd8 29. Rxd8 Qxd8 30. Bxd8 {
and later drawn. Remaining moves unavailable.} 1/2-1/2

[Event "Mechanics' Bedjanian TNM; G/2 d/5"]
[Site "San Francisco"]
[Date "2018.12.11"]
[Round "8.2"]
[White "Fuentes, Romulo"]
[Black "Diaz, Conrado"]
[Result "0-1"]
[WhiteElo "2200"]
[BlackElo "2328"]
[PlyCount "104"]
[EventDate "2018.??.??"]
[Source "ChessBase"]
[SourceDate "2007.09.04"]

1. e4 d5 2. exd5 Qxd5 3. Nc3 Qa5 4. d4 Nf6 5. Nf3 c6 6. Bc4 Bf5 7. Ne5 e6 8. g4
Be4 9. O-O Bd5 10. Nxd5 cxd5 11. Bd3 Nc6 12. Nxc6 bxc6 13. c3 Be7 14. Re1 O-O
15. Re3 g6 16. Rh3 Nd7 17. Qe2 Rfe8 18. Bh6 Bf8 19. b4 Qc7 20. Bxf8 Nxf8 21.
Re1 a5 22. b5 cxb5 23. Bxb5 Rec8 24. a4 Qf4 25. Rg3 Ra7 26. g5 Rac7 27. Rg4 Qd6
28. Ba6 Ra8 29. Bb5 Rxc3 30. Rg3 Rxg3+ 31. hxg3 Rc8 32. Qd2 Qb6 33. Kg2 Qc7 34.
Qe3 Nd7 35. Qd2 Nf8 36. Qe3 Qc3 37. Qe5 Qc2 38. Qf6 Qc7 39. Re3 Nd7 40. Qf3 Nb6
41. Qf6 Qd8 42. Qf4 Nc4 43. Rc3 Qc7 44. Qf6 Qd6 45. Qf3 Qb4 46. Kh2 Qb2 47. g4
Qd2 48. Bxc4 dxc4 49. Qe3 Qd1 50. Qf4 Qxa4 51. Rf3 Qd7 52. Qc1 a4 0-1

[Event "Mechanics' Bedjanian TNM; G/2 d/5"]
[Site "San Francisco"]
[Date "2018.10.30"]
[Round "2.6"]
[White "Fuentes, Romulo"]
[Black "Pham, Tam Phu"]
[Result "1-0"]
[WhiteElo "2200"]
[BlackElo "1775"]
[PlyCount "91"]
[EventDate "2018.??.??"]
[Source "ChessBase"]
[SourceDate "2007.09.04"]

1. e4 c5 2. Nf3 d6 3. d4 cxd4 4. Nxd4 Nf6 5. Nc3 a6 6. Bg5 e6 7. f4 Be7 8. Qf3
Qc7 9. O-O-O Nbd7 10. Be2 b5 11. Bxf6 Nxf6 12. e5 Bb7 13. exf6 Bxf3 14. Bxf3
Rc8 15. Bc6+ Kf8 16. fxe7+ Qxe7 17. Rhe1 Qf6 18. Bb7 Qxf4+ 19. Kb1 Rc7 {
Diagram [#]} 20. Nxe6+ $1 fxe6 21. Rf1 Qxf1 22. Rxf1+ Ke7 23. Bxa6 b4 24. Ne2
Ra8 25. Bd3 g6 26. Rf4 Rb8 27. b3 d5 28. Rh4 Kd6 29. Kb2 e5 30. c3 bxc3+ 31.
Nxc3 e4 32. Bc2 Rf7 33. a4 Ke5 34. Nxd5 Kxd5 35. Bxe4+ Kc5 36. Bf3 Rb4 37. Rh3
h5 38. Rg3 Rb6 39. Kc3 Rff6 40. Be4 Rbe6 41. b4+ Kb6 42. a5+ Ka7 43. Bd5 Re1
44. b5 Kb8 45. Kb4 Rb1+ 46. Rb3 {
and White went on to win. Remaining moves unavailable.} 1-0

[Event "Mechanics' Bedjanian TNM; G/2 d/5"]
[Site "San Francisco"]
[Date "2018.11.27"]
[Round "6.6"]
[White "Fuentes, Romulo"]
[Black "Poling, Scott E"]
[Result "1-0"]
[WhiteElo "2200"]
[BlackElo "1823"]
[PlyCount "75"]
[EventDate "2018.??.??"]
[Source "ChessBase"]
[SourceDate "2007.09.04"]

1. e4 c5 2. Nf3 e6 3. d4 cxd4 4. Nxd4 a6 5. Bd3 Nf6 6. Qe2 Nc6 7. Nxc6 bxc6 8.
e5 Nd5 9. a3 Qa5+ 10. Bd2 Qb6 11. b4 Qb8 12. O-O Bb7 13. c4 Nc7 14. Nc3 d5 15.
exd6 Bxd6 16. Ne4 Be7 17. Bc3 f6 18. Qh5+ g6 19. Qh6 Kf7 20. Qf4 Ne8 21. Ng5+
Kg8 22. Qxb8 Rxb8 23. Nxe6 Kf7 24. Rfe1 Bc8 25. Ng5+ Kf8 26. c5 Ng7 27. Ne4 Kf7
28. Bc4+ Be6 29. Bxa6 Rhd8 30. Bf1 Nf5 31. Rad1 Bd5 32. Nd2 Rd7 33. Nc4 Ra7 34.
Bb2 h5 35. Nb6 Bb3 36. Rd3 Be6 37. Rd2 Rab7 38. Rxe6 1-0

[Event "Mechanics' Bedjanian TNM; G/2 d/5"]
[Site "San Francisco"]
[Date "2018.11.13"]
[Round "4.2"]
[White "Fuentes, Romulo"]
[Black "Shaw, Tenzing"]
[Result "0-1"]
[WhiteElo "2200"]
[BlackElo "2290"]
[PlyCount "50"]
[EventDate "2018.??.??"]
[Source "ChessBase"]
[SourceDate "2007.09.04"]

1. e4 e6 2. d4 d5 3. Nc3 Nf6 4. Bg5 Bb4 5. e5 h6 6. Bh4 g5 7. Bg3 Ne4 8. Nge2
h5 9. f3 Nxg3 10. hxg3 Bd7 11. a3 Be7 12. Qd2 c5 13. f4 Nc6 14. O-O-O Qa5 15.
fxg5 O-O-O 16. Qf4 Rdg8 17. g6 fxg6 18. g4 Rf8 19. Qg3 h4 20. Qd3 Bg5+ 21. Kb1
c4 22. Qxg6 Rhg8 23. Qh7 Be8 24. Ne4 dxe4 25. Qxe4 Bg6 0-1